| 000 | 01370pab a2200193 454500 | ||
|---|---|---|---|
| 008 | 180718b2010 xxu||||| |||| 00| 0 eng d | ||
| 100 | _aGhatak, Sandip Kumar | ||
| 245 | _aPolitical participation of women in West Bengal: its nature and extent | ||
| 260 | _c2010 | ||
| 300 | _ap.285-94. | ||
| 362 | _aJan-Mar | ||
| 520 | _aWhatever may be the character of the political system; even in a modern dictatorial regime political participation has great importance. And traditional democratic theory generally regards participation by the individual in political activity as a virtue in its own rights. In fact, participation has been seen as a civic duty, as well as a sign of political health. Thus, the success of a democratic political system depends upon the nature and extent of the political participation among the citizens of the country irrespective of caste, colour, sex and region. But, in India reality provides us a very discouraging picture. Indian women in general, and the women of West Bengal in particular stands far away from the political world of the country in comparison of their male counterpart - Reproduced. | ||
| 650 | _aPolitical participation - India - West Bengal | ||
| 650 | _aWomen in politics - India - West Bengal | ||
| 650 | _aWomen in politics | ||
| 773 | _aIndian Journal of Political Science | ||
| 908 | _aN | ||
| 909 | _a87271 | ||
| 999 |
_c87271 _d87271 |
||